Normal view
MARC view
- Smagorinsky, Peter
Entry Personal Name
001 - CONTROL NUMBER
- control field: 6388
003 - CONTROL NUMBER IDENTIFIER
- control field: JO-AjAnu
005 - DATE AND TIME OF LATEST TRANSACTION
- control field: 20230606071333.0
008 - FIXED-LENGTH DATA ELEMENTS
- fixed length control field: 230606|| aca||aabn | a|a d
040 ## - CATALOGING SOURCE
- Original cataloging agency: JO-AjAnu
- Transcribing agency: JO-AjAnu
100 ## - HEADING--PERSONAL NAME
- Personal name: Smagorinsky, Peter
670 ## - SOURCE DATA FOUND
- Source citation: Work cat.: (JO-AjAnu)3308: Smagorinsky, Peter , author, Learning to Teach English and the Language Arts: A Vygotskian Perspective on Beginning Teachers, Pedagogical Concept Development